| 000 | 00750nam a2200205 a 4500 | ||
|---|---|---|---|
| 003 | 0 | ||
| 005 | 20250318124806.0 | ||
| 008 | 080923s19uu xx 00 eng d | ||
| 050 |
_aPHS BF 723.S3 _b.M11 2008 |
||
| 100 | _aMayo, Hannahneel S. | ||
| 245 |
_aSelf-esteem of verbally abused privileged and less privileged / _cHannahneel S. Mayo. |
||
| 260 |
_aLas PiƱas City, Philippines : _bSouthville International School and Colleges, _c2008. |
||
| 300 |
_a20 pages : _billustrations ; _c28 cm. |
||
| 504 | _aIncludes bibliographical references. | ||
| 650 | _aSelf-esteem in adolescence. | ||
| 650 |
_aVerbal abuse _xPsychological aspects. |
||
| 650 |
_aAbused children _xPsychology. |
||
| 650 | _aPrivilege (Social psychology). | ||
| 942 |
_2lcc _cPASS |
||
| 999 |
_c98077 _d98077 |
||